Vyhledávání osob kynologickými pátracími týmy /

Enregistré dans:
Détails bibliographiques
Auteur principal: Makeš, Vladimír (Auteur)
Format: Livre
Langue:tchèque
Publié: Ostrava SPBI 2009
Édition:1. vyd.
Collection:Spektrum 62.
Sujets:
Tags: Ajouter un tag
Pas de tags, Soyez le premier à ajouter un tag!

MARC

LEADER 00000nam a22000003a 4500
001 0029371
003 SK-STU
005 20171222072907.1
007 ta
008 171222s ----xo-----e------000-0-----d
020 |a 978-80-7385-065-4 
040 |a STU  |b slo 
041 0 |a cze 
044 |a xr 
100 1 |a Makeš, Vladimír  |4 aut 
245 1 0 |a Vyhledávání osob kynologickými pátracími týmy /  |c aut. Vladimír Makeš 
250 |a 1. vyd. 
260 |a Ostrava  |b SPBI  |c 2009 
300 |a 128 s. 
490 0 |a Spektrum  |v 62. 
650 0 7 |a záchranárska kynológia 
996 |b 284M087424  |c M* 13990-1  |l MMKN  |s A  |a 24  |w 0029371_0001